000 00402nam a22001697a 4500
005 20160524093427.0
008 160524b xxu||||| |||| 00| 0 eng d
020 _a81-7808-231-4
041 _aeng
082 _b4467
100 _aDate, C.J.
_9192
245 _aData Base System
260 _aNew Delhi
_bAcademic Faundation
300 _a915
650 _aInformation Technology
_9137
942 _cBK
999 _c1498
_d1498